| 000 -ლიდერი |
| ფიქსირებული სიგრძის საკონტროლო ველი |
01072nam a2200253Ia 4500 |
| 001 - საკონტროლო ნომერი |
| საკონტროლო ველი |
19654 |
| 003 - საკონტროლო ნომრის იდენტიფიკატორი |
| საკონტროლო ველი |
GE_BSU |
| 005 - ბოლო ოპერაციის თარიღი და დრო |
| საკონტროლო ველი |
20200313181013.0 |
| 008 - ფიქსირებული სიგრძის მონაცემთა ელემენტები - ზოგადი ინფორმაცია |
| ფიქსირებული სიგრძის საკონტროლო ველი |
181216s1958||||ge |||||||||||||| ||geo|| |
| 040 ## - კატალოგიზაციის წყარო |
| Transcribing agency |
GE_BSU |
| 041 ## - ენის კოდი |
| Language code of text/sound track or separate title |
geo |
| 080 ## - უნივერსალური ათობითი კლასიფიკაციის ინდექსი |
| Universal Decimal Classification number |
003(09) ძ-63 |
| 100 ## - მთავარი ჩანაწერი - პიროვნების სახელი |
| Personal name |
ძიძიგური, შოთა |
| 9 (RLIN) |
7695 |
| 245 ## - ცნობა სათაურის შესახებ |
| Title |
დამწერლობის წარმოშობა და განვითარება / |
| Statement of responsibility, etc |
შოთა ძიძიგური ; რედ. ზ. ჭუმბურიძე |
| 264 ## - წარმოების, გამოცემის, დისტრიბუციის და სხვა ცნობები |
| გამოცემის, წარმოების, დისტრიბუციის... ადგილი |
თბილისი : |
| გამოცემის, წარმოების, დისტრიბუციის... სახელწოდება |
კომუნისტი, |
| გამოცემის, წარმოების, დისტრიბუციის... თარიღი |
1958 |
| 300 ## - ფიზიკური აღწერა |
| Extent |
35 გვ. : |
| Other physical details |
ილ. ; |
| Dimensions |
21 სმ. |
| 490 ## - სერიის ცნობა |
| Volume number/sequential designation |
(სერია 6) |
| 504 ## - BIBLIOGRAPHY, ETC. NOTE |
| Bibliography, etc |
საქ. სსრ პოლიტ. და მეცნ. ცოდნის გამავრც. საზ-ბა |
| 653 ## - INDEX TERM--UNCONTROLLED |
| Uncontrolled term |
დამწერლობა |
| 653 ## - INDEX TERM--UNCONTROLLED |
| Uncontrolled term |
დამწერლობის წარმოშობა |
| 700 ## - ADDED ENTRY--PERSONAL NAME |
| Personal name |
ჭუმბურიძე, ზ. |
| Relator term |
რედაქტორი |
| 9 (RLIN) |
7722 |
| 942 ## - ADDED ENTRY ELEMENTS (KOHA) |
| Koha item type |
წიგნი |
| Source of classification or shelving scheme |
|